| 000 | 00713nam a2200229Ia 4500 | ||
|---|---|---|---|
| 003 | GCL | ||
| 008 | 140319s9999 xx 000 0 ara d | ||
| 040 |
_aGCL / _cGCL |
||
| 082 | 0 | 4 |
_aق _b962.042 _bب ر |
| 100 | 1 | _aبطرس بطرس غالى | |
| 245 | 1 | 0 |
_aرقيب على احداث مصر حوليات مصر السياسية (1878 - 1882م) / _cبطرس بطرس غالى |
| 700 | 1 | _aيونان لبيب رزق | |
| 260 |
_a[S.N] : _bدار المعارف |
||
| 300 | _a314 ص | ||
| 490 | _a | ||
| 650 | 0 | 4 | _aالعصر الحديث |
| 650 | 0 | 4 | _aمصر |
| 650 | 0 | 4 | _aتاريخ |
| 650 | 0 | 4 | _aالاحوال السياسية |
| 650 | 0 | 4 | _aالخديوى توفيق (1879 - 1892) |
| 942 |
_2ddc _cBK |
||
| 999 |
_c52945 _d52945 |
||